| Tag |
First Indicator |
Second Indicator |
Subfields |
| LEADER |
00000cas a2200000 i 4500 |
| 001 |
in00000063238 |
| 005 |
20221201164803.0 |
| 008 |
751101d19uu19uucauar 1 0eng d |
| 010 |
|
|
|a 52062007
|
| 019 |
|
|
|a 162115257
|a 271081071
|a 314459270
|
| 035 |
|
|
|a (OCoLC)ocm01753085
|
| 035 |
|
|
|a (OCoLC)1753085
|z (OCoLC)162115257
|z (OCoLC)271081071
|z (OCoLC)314459270
|
| 035 |
|
|
|a (OCoLC)ocm01753085
|
| 040 |
|
|
|a MUL
|b eng
|e rda
|c MUL
|d OCLCQ
|d CLE
|d OKU
|d OCLCF
|d OCLCO
|d OCL
|d OCLCO
|d OKS
|d NDD
|d OCL
|d OCLCO
|d OCLCQ
|
| 050 |
|
4 |
|a T58.A2
|b I525
|
| 082 |
0 |
4 |
|a 658.06
|b I42p
|
| 111 |
2 |
|
|a Annual Industrial Engineering Institute (University of California)
|
| 245 |
1 |
0 |
|a Proceedings ... annual Industrial Engineering Institute
|
| 246 |
3 |
|
|a Annual Industrial Engineering Institute
|
| 246 |
3 |
|
|a Annual Industrial Engineering Institute of the University of California
|
| 264 |
|
3 |
|a Oakland, California :
|b The Elliott Printing Company
|
| 300 |
|
|
|a volumes :
|b illustrations ;
|c 28 cm
|
| 310 |
|
|
|a Annual
|
| 336 |
|
|
|a text
|b txt
|2 rdacontent
|
| 337 |
|
|
|a unmediated
|b n
|2 rdamedia
|
| 338 |
|
|
|a volume
|b nc
|2 rdacarrier
|
| 550 |
|
|
|a Sponsored by University of California Berkeley, University of California Los Angeles.
|
| 588 |
0 |
|
|a 5th annual (1953); title from title page.
|
| 588 |
1 |
|
|a 5th annual (1953).
|
| 650 |
|
0 |
|a Industrial management
|v Congresses.
|
| 650 |
|
6 |
|a Gestion d'entreprise
|v Congrès.
|
| 650 |
|
7 |
|a Industrial management.
|2 fast
|0 (OCoLC)fst00971246
|
| 655 |
|
7 |
|a Periodicals.
|2 fast
|0 (OCoLC)fst01411641
|
| 655 |
|
7 |
|a Conference papers and proceedings.
|2 fast
|0 (OCoLC)fst01423772
|
| 710 |
2 |
|
|a University of California, Berkeley,
|e sponsoring body.
|
| 710 |
2 |
|
|a University of California, Los Angeles,
|e sponsoring body.
|
| 776 |
0 |
8 |
|i Online version:
|a Industrial Engineering Institute. University of California.
|t Proceedings
|w (OCoLC)692262298
|
| 948 |
|
|
|h HELD BY TXA - 31 OTHER HOLDINGS
|
| 994 |
|
|
|a Z0
|b TXA
|
| 999 |
f |
f |
|s 4c0b93e8-90fe-3ace-a136-bf5087f79d9c
|i 6bcf5879-2733-39c4-bb00-365cd8ddaac9
|t 0
|
| 952 |
f |
f |
|p ric
|a Texas A&M University
|b Rellis Campus
|c Joint Library Facility
|d Remote Storage
|t 0
|e T58.A2 I425
|h Library of Congress classification
|i unmediated -- volume
|k 4th
|l 1952
|m A14807620230
|
| 952 |
f |
f |
|p ric
|a Texas A&M University
|b Rellis Campus
|c Joint Library Facility
|d Remote Storage
|t 0
|e T58.A2 I425
|h Library of Congress classification
|i unmediated -- volume
|k 7th
|l 1955
|m A14807620264
|
| 952 |
f |
f |
|p ric
|a Texas A&M University
|b Rellis Campus
|c Joint Library Facility
|d Remote Storage
|t 0
|e T58.A2 I425
|h Library of Congress classification
|i unmediated -- volume
|k 5th
|l 1953
|m A14807620248
|
| 952 |
f |
f |
|p ric
|a Texas A&M University
|b Rellis Campus
|c Joint Library Facility
|d Remote Storage
|t 0
|e T58.A2 I425
|h Library of Congress classification
|i unmediated -- volume
|k 6th
|l 1954
|m A14807620256
|
| 952 |
f |
f |
|p ric
|a Texas A&M University
|b Rellis Campus
|c Joint Library Facility
|d Remote Storage
|t 0
|e T58.A2 I425
|h Library of Congress classification
|i unmediated -- volume
|k 8th
|l 1956
|m A14807619417
|
| 952 |
f |
f |
|p ric
|a Texas A&M University
|b Rellis Campus
|c Joint Library Facility
|d Remote Storage
|t 0
|e T58.A2 I425
|h Library of Congress classification
|i unmediated -- volume
|k 17th
|l 1965
|m A14807620272
|
| 952 |
f |
f |
|p ric
|a Texas A&M University
|b Rellis Campus
|c Joint Library Facility
|d Remote Storage
|t 0
|e T58.A2 I425
|h Library of Congress classification
|i unmediated -- volume
|k 3rd
|l 1951
|m A14807620222
|
| 998 |
f |
f |
|a T58.A2 I425
|s v.3-17 (1951-1965)
|t 0
|l Remote Storage
|